Taylor Swift - The Life of a Showgirl Acoustic Versions Sudden Death - Statistics

General Stats
  • This quiz has been taken 30 times
  • The average score is 4 of 7
Answers on the Grid
Answers color-coded by a green-red scale on the quiz's grid according to % correct below.
Alone In My Tower Version
So Glamorous Cabaret Version
Life Is A Song Version
Now You're Home Version
My Advice Version
Settled Down Version
Dressing Room Rehearsal Version
Boring Barbie Version
Redwood Tree Version
I Protect The Family Version
Hope They Get What They Want Version
Cry My Eyes Violet Version
Shiny Mirrorball Version
Magical Microphone Version
The End Of An Era Version
 
Answer Stats
Answer % Correct
So Glamorous Cabaret Version
80%
Alone In My Tower Version
70%
Life Is A Song Version
70%
Settled Down Version
70%
Dressing Room Rehearsal Version
50%
My Advice Version
50%
Now You're Home Version
30%
No matching quizzes found
Score Distribution
Percent of People with Each Score
Percentile by Number Answered
Your Score History
You have not taken this quiz